| 000 | 00506nam a2200145 a 4500 | ||
|---|---|---|---|
| 008 | 080109s0000 ||||||||||||||||| || u | ||
| 020 | _a0314793852 | ||
| 050 | _aQA 76 Har | ||
| 100 | _aHarold, Frederick G | ||
| 245 | 1 | 0 | _aStudy guide to accompany Introduction to computers |
| 260 |
_aSt. Paul _bWest Publishing _c1984 |
||
| 300 | _a213p. | ||
| 350 | _a0.00 | ||
| 995 |
_D0.00 _FCBU-MAIN LIBRARY (Kitwe) _H1 _I8.95 _M1 _UDAMAGED _ZMain Library Open Access Collection |
||
| 999 |
_c58811 _d58811 |
||